1780 1969 1143 1732 1563 1170 1220 1664 1434 1594 1552 1566 1005 1885 1959 1665 1258 1328 1624 1452 1144 1679 1516 1096 1508 1107 1972 1207 1715 1752 1314 1412 1050 1974 1801 1863 1047 1310 1884 1513 1097 1450 1294 1046 1750 1684 1215 1636 1837 1941 1035 1584 1344 1646 1301 1618 1779 1468 1726 1082 1312 1540 1862 1793 1786 1336 1537 1904 1814 1108 1708 1514 1796 1560 1496 1998 1408 1336 1713 1969 1863 1319 1225 1280 1772 1153 1116 1966 1650 1433 1167 1955 1968 1846 1419 1179 1119 1681 1721 BCNSPRNW ULIB Ver.6.0+V

เปลี่ยนเป็นภาษาไทย

Change to English
 แสดงรายละเอียดบรรณานุกรม
  กลับหน้าหลัก

Brief Record : Get Marc (ISO 2709) : E-mail record : QR code < ปิดหน้าต่าง
LEADER : 00000nam 2200000uu 4500
001    13399111755
003     ULIB
008    110707s2544||||th 000 0 tha d
020    9747520958
050 04 D907^bพ718ก 2544
100 0  นวลจันทร์ ศุภนิมิตร
245 10 ก่อนลมหนาวมาเยือน /^cพิมพ์สี [นามแฝง]
250    พิมพ์ครั้งที่ 5
260    กรุงเทพฯ :^bแพรวสำนักพิมพ์,^c2544
300    158 หน้า :^bภาพประกอบ
651  7 ยุโรป^xภูมิประเทศและการท่องเที่ยว
651  7 ยุโรป^xความเป็นอยู่และประเพณี
945    ^p140^l0^i016024
995    ทศพร
999 ^a ใช้งานได้ทุกระบบ
รายการนี้ยังไม่มีแท็ก
คุณยังไม่ได้ล็อกอิน คุณสามารถมีกิจกรรมร่วมกับเว็บไซต์ได้ แต่ต้องล็อกอินก่อน ::
  ล็อกอิน

รายการสื่อสารสนเทศ

ลำดับที่ ประเภท เลขเรียก/บาร์โค้ด สถานที่ สถานะ
- ไม่พบข้อมูล -

รายการใกล้เคียง
    ผู้แต่ง [นวลจันทร์ ศุภนิมิตร]

BibComment


ยังไม่เคยถูกคอมเมนท์

คอมเมนท์ทรัพยากรรายการนี้
  คอมเมนท์: ก่อนลมหนาวมาเยือน..


 Copyright 2026. Bcnsprnw @Library